La Función pública internacional / Georges Langrod
Descripción Física:
49 p. ; 21 cm
Colección:
Conferencias y documentos ; 9
MARC
| LEADER | 00000nam a2200000Ia 4500 | ||
|---|---|---|---|
| 001 | 10614 | ||
| 008 | 160829s1964 xx 000 0 cat d | ||
| 080 | |a FU-11-49 | ||
| 100 | |a Langrod, Georges |9 32222 | ||
| 245 | |a La Función pública internacional / Georges Langrod | ||
| 260 | |a Madrid : |b Centro de Formación y Perfeccionamiento de Funcionarios, |c 1964 | ||
| 300 | |a 49 p. ; |c 21 cm | ||
| 490 | |a Conferencias y documentos ; 9 | ||
| 650 | |a Funcionaris |9 32223 | ||
| 650 | |a Funció pública |9 32224 | ||
| 650 | |a Organismes internacionals |9 39545 | ||
| 710 | 2 | |a Centro de Formación y Perfeccionamiento de Funcionarios (Alcalá de Henares, Madrid) |9 54841 | |
| 901 | |a Arxiu | ||
| 942 | |n 1 | ||
| 952 | |0 0 |1 0 |4 0 |6 FU1149 |7 1 |9 45910 |a Arxiu |b Arxiu |d 2016-12-01 |l 0 |o FU-11-49 |p 10614 |r 2016-12-01 00:00:00 |w 2016-12-01 |y ARXIU | ||
| 999 | |c 49411 |d 49411 | ||